The Economics of Immigration

Saved in:  
Bibliographic Details
Main Author: Borjas, George J. 1950- (Author)
Format: Print Article
Language:English
Published: 1994
In: Journal of economic literature
Year: 1994, Volume: 32(4)1667-1717, Issue: 4, Pages: 1667-1717
Check availability: HBZ Gateway

MARC

LEADER 00000caa a22000002c 4500
001 1912526905
003 DE-627
005 20250126054958.0
007 tu
008 241217s1994 xx ||||| 00| ||eng c
035 |a (DE-627)1912526905 
035 |a (DE-599)KXP1912526905 
040 |a DE-627  |b ger  |c DE-627  |e rda 
041 |a eng 
084 |a 2,1  |2 ssgn 
100 1 |a Borjas, George J.  |d 1950-  |e VerfasserIn  |0 (DE-588)124510582  |0 (DE-627)378676415  |0 (DE-576)164049681  |4 aut 
109 |a Borjas, George J. 1950-  |a Borjas, George Jesus 1950-  |a Borjas, G. J. 1950-  |a Borjas, George 1950- 
245 1 4 |a The Economics of Immigration 
264 1 |c 1994 
336 |a Text  |b txt  |2 rdacontent 
337 |a ohne Hilfsmittel zu benutzen  |b n  |2 rdamedia 
338 |a Band  |b nc  |2 rdacarrier 
773 0 8 |i Enthalten in  |t Journal of economic literature  |d Nashville, Tenn. : Assoc., 1969  |g 32(4)1667-1717(1994), 4, Seite 1667-1717  |w (DE-627)129078794  |w (DE-600)3076-4  |w (DE-576)014411369  |x 0022-0515  |7 nnas 
773 1 8 |g volume:32(4)1667-1717  |g year:1994  |g number:4  |g pages:1667-1717 
787 0 8 |i Forschungsdaten  |a Statistics Canada  |t Census of Canada, 1971: Public Use Samples  |d [Erscheinungsort nicht ermittelbar] : [Verlag nicht ermittelbar], 1984  |w (DE-627)1902799046 
787 0 8 |i Forschungsdaten  |a United States. Bureau of the Census  |t Census of Population and Housing, 1970 (United States): Public Use Samples  |d [Erscheinungsort nicht ermittelbar] : [Verlag nicht ermittelbar], 1984  |w (DE-627)1902790189 
787 0 8 |i Forschungsdaten  |a United States. Bureau of the Census  |t Census of Population, 1940 (United States): Public Use Microdata Sample  |d [Erscheinungsort nicht ermittelbar] : [Verlag nicht ermittelbar], 1984  |w (DE-627)1902799321 
787 0 8 |i Forschungsdaten  |a Inter-university Consortium for Political and Social Research  |t Historical, Demographic, Economic, and Social Data: The United States, 1790-1970  |d [Erscheinungsort nicht ermittelbar] : [Verlag nicht ermittelbar], 1984  |w (DE-627)1902792076 
935 |a mkri 
951 |a AR 
ELC |b 1 
LOK |0 000 xxxxxcx a22 zn 4500 
LOK |0 001 4637492408 
LOK |0 003 DE-627 
LOK |0 004 1912526905 
LOK |0 005 20241217044354 
LOK |0 008 241217||||||||||||||||ger||||||| 
LOK |0 035   |a (DE-2619)ICPSR4276 
LOK |0 040   |a DE-2619  |c DE-627  |d DE-2619 
LOK |0 092   |o n 
LOK |0 852   |a DE-2619 
LOK |0 852 1  |9 00 
LOK |0 935   |a nacp 
LOK |0 939   |a 17-12-24  |b l01 
ORI |a SA-MARC-krimdoka001.raw